Metódy finančnej analýzy poisťovní
Podstata a význam finančnej analýzy poisťovní. Elementárne metódy technickej finančnej analýzy poisťovní a vyššie metodické nástroje finančnej analýzy poisťovní.
Saved in:
| Main Author: | |
|---|---|
| Other Authors: | |
| Format: | Book Chapter |
| Language: | Slovak |
| Subjects: | |
| Tags: |
No Tags, Be the first to tag this record!
|
MARC
| LEADER | 00000naa$a2200000$$$4500 | ||
|---|---|---|---|
| 001 | 0083626 | ||
| 005 | 20240502071935.4 | ||
| 041 | 0 | |a slo | |
| 044 | |a SK | ||
| 245 | 1 | 0 | |a Metódy finančnej analýzy poisťovní |c Anna Majtánová, Zuzana Krátka |
| 520 | |a Podstata a význam finančnej analýzy poisťovní. Elementárne metódy technickej finančnej analýzy poisťovní a vyššie metodické nástroje finančnej analýzy poisťovní. | ||
| 610 | 2 | 0 | |a analýza finančná |
| 610 | 2 | 0 | |a poisťovníctvo |
| 610 | 2 | 0 | |a poisťovne |
| 610 | 2 | 0 | |a riadenie |
| 610 | 2 | 0 | |a analýza technická |
| 100 | 1 | |a Majtánová, Anna | |
| 700 | 1 | |a Krátka, Zuzana, 1968- | |